[Event "Cologne Longerich op 7th"]
[Site "Cologne"]
[Date "2010.08.01"]
[Round "5"]
[White "Kiese, Matthias"]
[Black "Stadtfeld, Martin"]
[Result "1-0"]
[WhiteElo "2194"]
[BlackElo "1593"]
[PlyCount "87"]
[EventDate "2010.07.30"]
[EventType "swiss"]
[EventRounds "5"]
[EventCountry "GER"]
[SourceTitle "EXT 2011"]
[Source "ChessBase"]
[SourceDate "2010.11.26"]
[SourceVersion "1"]
[SourceVersionDate "2010.11.26"]
[SourceQuality "1"]

1. d4 c5 2. d5 Nf6 3. Nc3 d6 4. e4 g6 5. Nf3 Bg7 6. Be2 0-0 7. 0-0 Nbd7 8. h3 a6 9. a4 b6 10. Bf4 Bb7 11. Re1 Qc7 12. Bf1 Rfd8 13. Bh2 Rac8 14. Nd2 e6 15. dxe6 fxe6 16. Bc4 Nf8 17. Qe2 Qd7 18. Bxa6 Bxa6 19. Qxa6 Qc6 20. Qb5 d5 21. exd5 exd5 22. Qxc6 Rxc6 23. Nb5 Rd7 24. Rad1 d4 25. Nc4 Nd5 26. Ne5 Bxe5 27. Bxe5 Nb4 28. c3 Nc2 29. Re4 d3 30. c4 Re6 31. f3 Nb4 32. Bc3 Rxe4 33. fxe4 Nc2 34. b3 Ne6 35. Be5 Nb4 36. Nc3 Nd4 37. Bxd4 Rxd4 38. Rd2 Kf7 39. Kf2 Ke6 40. Nd5 Nc6 41. Nf4+ Ke5 42. Kf3 Rxe4 43. Nxd3+ Kf5 44. g4+ 1-0

[Event "Cologne Longerich op 7th"]
[Site "Cologne"]
[Date "2010.08.01"]
[Round "4"]
[White "Stadtfeld, Martin"]
[Black "Rotstein, Jefim"]
[Result "0-1"]
[WhiteElo "1593"]
[BlackElo "2210"]
[PlyCount "78"]
[EventDate "2010.07.30"]
[EventType "swiss"]
[EventRounds "5"]
[EventCountry "GER"]
[SourceTitle "EXT 2011"]
[Source "ChessBase"]
[SourceDate "2010.11.26"]
[SourceVersion "1"]
[SourceVersionDate "2010.11.26"]
[SourceQuality "1"]

1. c4 e5 2. Nc3 d6 3. Nf3 f5 4. e4 c5 5. d3 Nf6 6. g3 Be7 7. Bg2 Nc6 8. Nh4 fxe4 9. Nxe4 Nxe4 10. Bxe4 g6 11. Ng2 Bh3 12. f4 Qd7 13. b3 Nd4 14. Bb2 0-0-0 15. Bxd4 cxd4 16. Qd2 Qg4 17. 0-0 Rhf8 18. Qb4 Qd7 19. Qa5 b6 20. Qd5 Qc7 21. fxe5 dxe5 22. Qa8+ Kd7 23. Qd5+ Ke8 24. Qc6+ Qxc6 25. Bxc6+ Bd7 26. Bd5 b5 27. Rxf8+ Bxf8 28. Rf1 bxc4 29. Bxc4 Bc6 30. Rf7 Rd7 31. Rf6 Rd6 32. Rf7 e4 33. Rxh7 e3 34. Nf4 Bf3 35. Nxg6 Rf6 36. Nxf8 e2 37. Bb5+ Kxf8 38. Rh8+ Kg7 39. Re8 Bh5 0-1